| 000 | 00596nam a2200169Ia 4500 | ||
|---|---|---|---|
| 008 | 090201s9999 xx 000 0 und d | ||
| 010 | _aKPL-12137 | ||
| 040 | _bमराठी | ||
| 041 | _aमराठी | ||
| 082 |
_a25827 _b12137 |
||
| 100 | _aभीमराव कुलकर्णी | ||
| 245 |
_aस्वामी विवेकानंद _cभीमराव कुलकर्णी |
||
| 260 |
_c2004 _bइनामदार बंधु प्रकाशन |
||
| 300 |
_a132 _bमोठा |
||
| 600 | _aस्वामी विवेकानंद | ||
| 942 | _cBOOK | ||
| 999 |
_c225002 _d225002 |
||